[Event "EU-Cup Online Gr-E"]
[Site "Tornelo INT"]
[Date "2021.03.28"]
[Round "9.4"]
[White "Yashas, Devappa"]
[Black "Nestor, Kaarel"]
[Result "1/2-1/2"]
[WhiteElo "2296"]
[BlackElo "2134"]
[PlyCount "114"]
[EventDate "2021.03.27"]
[EventType "team-tourn (rapid)"]
[EventRounds "9"]
[EventCountry "NET"]
[SourceTitle "CBM 201 Extra"]
[Source "ChessBase"]
[SourceDate "2021.05.31"]
[SourceVersion "1"]
[SourceVersionDate "2021.05.31"]
[SourceQuality "1"]
[WhiteTeam "Villalba 64 Miscasa"]
[BlackTeam "Reval Sport"]
[WhiteTeamCountry "ESP"]
[BlackTeamCountry "EST"]

1. b3 Nf6 2. Bb2 g6 3. Nf3 Bg7 4. g3 b6 5. Bg2 Bb7 6. 0-0 d6 7. d4 Nbd7 8. c4 0-0 9. d5 c6 10. dxc6 Bxc6 11. Nc3 Qc8 12. Nd4 Bxg2 13. Kxg2 Qb7+ 14. f3 Rfd8 15. e4 a6 16. Rc1 Rac8 17. Rc2 Ne5 18. Re1 h5 19. Nd5 e6 20. Nf4 g5 21. Nfxe6 fxe6 22. Nxe6 Rd7 23. Nxg5 Re8 24. h4 b5 25. cxb5 axb5 26. Rd2 Qc6 27. Qa1 Bh6 28. Rc1 Qb7 29. Bxe5 dxe5 30. Rcd1 Rxd2+ 31. Rxd2 Nh7 32. Rd5 Nxg5 33. hxg5 Bg7 34. Qd1 Rf8 35. Rd7 Qa6 36. a4 bxa4 37. bxa4 Qg6 38. Qd2 h4 39. gxh4 Qh5 40. Qf2 Rf4 41. Qg3 Rxh4 42. g6 Bf6 43. Rh7 Qg5 44. Qxg5 Bxg5 45. Rxh4 Bxh4 46. a5 Bd8 47. a6 Bb6 48. Kg3 Kg7 49. f4 exf4+ 50. Kxf4 Kxg6 51. Ke5 Kf7 52. Kd6 Ba7 53. Kd7 Kf6 54. Kd6 Kf7 55. e5 Ke8 56. Ke6 Bg1 57. Kd6 Ba7 1/2-1/2

[Event "EU-ch rapid"]
[Site "Tallinn"]
[Date "2019.12.05"]
[Round "3"]
[White "Sebenik, Matej"]
[Black "Nestor, Kaarel"]
[Result "1-0"]
[WhiteElo "2504"]
[BlackElo "2255"]
[PlyCount "74"]
[EventDate "2019.12.05"]
[EventType "swiss"]
[EventRounds "13"]
[EventCountry "EST"]
[SourceTitle "CBM 193 Extra"]
[Source "ChessBase"]
[SourceDate "2020.01.31"]
[SourceVersion "1"]
[SourceVersionDate "2020.01.31"]
[SourceQuality "1"]

1. c4 Nf6 2. Nc3 e6 3. e4 d6 4. d4 Be7 5. Nf3 c5 6. d5 e5 7. Be2 0-0 8. 0-0 Ne8 9. Ne1 f5 10. f4 exf4 11. exf5 Bxf5 12. Bxf4 Bf6 13. Bd3 Bd4+ 14. Kh1 g5 15. Bd2 Ng7 16. Qc2 Bxd3 17. Nxd3 Rxf1+ 18. Rxf1 Nd7 19. Ne4 h6 20. Nxd6 Qb6 21. Nb5 Re8 22. Nxd4 cxd4 23. c5 Qa6 24. Kg1 Qxa2 25. Nb4 Qa5 26. c6 bxc6 27. dxc6 Nb6 28. Qg6 Re6 29. Qf7+ Kh7 30. c7 Qc5 31. Rc1 Nc4 32. Qf1 d3+ 33. Kh1 Qxc7 34. Qxd3+ Kh8 35. Rxc4 Qe5 36. Rc8+ Re8 37. Rxe8+ Qxe8 1-0

[Event "Keres Memorial rap 28th"]
[Site "Tallinn"]
[Date "2019.01.13"]
[Round "9"]
[White "Nestor, Kaarel"]
[Black "Meskovs, Nikita"]
[Result "0-1"]
[WhiteElo "2159"]
[BlackElo "2557"]
[PlyCount "88"]
[EventDate "2019.01.12"]
[EventType "swiss (rapid)"]
[EventRounds "11"]
[EventCountry "EST"]
[SourceTitle "CBM 188 Extra"]
[Source "ChessBase"]
[SourceDate "2019.02.26"]
[SourceVersion "1"]
[SourceVersionDate "2019.02.26"]
[SourceQuality "1"]

1. d4 Nf6 2. Nf3 g6 3. b3 Bg7 4. Bb2 d6 5. g3 a5 6. a4 Bf5 7. Bg2 Qc8 8. h3 0-0 9. Nbd2 Nc6 10. g4 Bd7 11. e4 h5 12. g5 Nh7 13. Qe2 e5 14. dxe5 dxe5 15. 0-0-0 Re8 16. Nc4 Nf8 17. Qd2 b6 18. Ne3 Be6 19. Nd5 Bxd5 20. exd5 Nb4 21. Rhe1 Nd7 22. Kb1 Nc5 23. Bxe5 Bxe5 24. Rxe5 Rxe5 25. Nxe5 Qf5 26. Qc3 Rd8 27. f4 Qxf4 28. Rf1 Ne4 29. Bxe4 Qxf1+ 30. Kb2 Nxd5 31. Qd4 c5 32. Qd2 Qf4 33. Qxf4 Nxf4 34. Nc4 Nxh3 35. Nxb6 Nxg5 36. Bg2 h4 37. Nc4 h3 38. Bc6 f5 39. Nxa5 Ne4 40. Nb7 Rc8 41. Bd5+ Kg7 42. Nd6 Nxd6 43. Bh1 Ne4 44. a5 Ra8 0-1

[Event "Keres Memorial rap 28th"]
[Site "Tallinn"]
[Date "2019.01.12"]
[Round "6"]
[White "Nestor, Kaarel"]
[Black "Seeman, Tarvo"]
[Result "0-1"]
[WhiteElo "2159"]
[BlackElo "2386"]
[PlyCount "162"]
[EventDate "2019.01.12"]
[EventType "swiss (rapid)"]
[EventRounds "11"]
[EventCountry "EST"]
[SourceTitle "CBM 188 Extra"]
[Source "ChessBase"]
[SourceDate "2019.02.26"]
[SourceVersion "1"]
[SourceVersionDate "2019.02.26"]
[SourceQuality "1"]

1. d4 Nf6 2. Nf3 g6 3. c4 Bg7 4. b3 0-0 5. Bb2 d6 6. g3 Nbd7 7. Bg2 e5 8. 0-0 exd4 9. Bxd4 c6 10. Nbd2 Re8 11. Re1 Nc5 12. Qc2 Bf5 13. Qb2 a5 14. Nh4 Bd7 15. Rad1 Qe7 16. Qa1 Ne6 17. Bc3 Nc5 18. e4 a4 19. b4 Nd3 20. Re3 Ne5 21. h3 Be6 22. Bf1 Nh5 23. f4 Nxg3 24. fxe5 Qxh4 25. exd6 Qg5 26. Kf2 Nh1+ 27. Ke2 Bh6 28. Rf3 Bxc4+ 29. Nxc4 Rxe4+ 30. Kd3 Rxc4 31. Kc2 Rf4 32. Bf6 Qf5+ 33. Bd3 Qd5 34. Rxf4 Bxf4 35. Bh8 f6 36. Qxf6 Qxa2+ 37. Qb2 Qb3+ 38. Qxb3+ axb3+ 39. Kxb3 Kxh8 40. Rxh1 Bxd6 41. h4 Rf8 42. h5 g5 43. h6 Rf3 44. Kc4 Rf4+ 45. Kb3 Rxb4+ 46. Kc3 Rh4 47. Re1 Rxh6 48. Re8+ Kg7 49. Rd8 b5 50. Rd7+ Kf8 51. Bxh7 g4 52. Be4 c5 53. Rb7 Re6 54. Bf5 Re3+ 55. Kd2 Bf4 56. Kd1 g3 57. Bh3 b4 58. Rb5 Rc3 59. Bg2 Ke7 60. Rb6 b3 61. Be4 c4 62. Rb5 Kd6 63. Rd5+ Ke6 64. Rb5 Ke7 65. Rb7+ Kd6 66. Rb5 Re3 67. Bg2 Rd3+ 68. Ke1 Re3+ 69. Kd1 Rd3+ 70. Ke1 Be5 71. Bf1 Rc3 72. Bg2 Rc2 73. Kf1 Rd2 74. Be4 b2 75. Ke1 c3 76. Rb6+ Kc5 77. Rg6 Kd4 78. Bf5 g2 79. Rg4+ Kc5 80. Be4 Bh2 81. Rg5+ Kd4 0-1

[Event "Keres Memorial rap 27th"]
[Site "Tallinn"]
[Date "2018.01.13"]
[Round "2"]
[White "Kovalenko, Igor"]
[Black "Nestor, Kaarel"]
[Result "1-0"]
[WhiteElo "2635"]
[BlackElo "2125"]
[PlyCount "89"]
[EventDate "2018.01.13"]
[EventType "swiss (rapid)"]
[EventRounds "11"]
[EventCountry "EST"]
[SourceTitle "CBM 182 Extra"]
[Source "ChessBase"]
[SourceDate "2018.02.23"]
[SourceVersion "1"]
[SourceVersionDate "2018.02.23"]
[SourceQuality "1"]

1. e4 e6 2. d4 d5 3. Nd2 dxe4 4. Nxe4 Nd7 5. Nf3 Ngf6 6. Bd3 c5 7. 0-0 Qb6 8. dxc5 Nxc5 9. Nxf6+ gxf6 10. Be3 Be7 11. b4 Qxb4 12. Rb1 Qg4 13. Bb5+ Nd7 14. h3 Qf5 15. Nd4 Qg6 16. Re1 Rg8 17. g3 Bd6 18. Kf1 Bxg3 19. fxg3 Qxg3 20. Qf3 Qxf3+ 21. Nxf3 Rg3 22. Kf2 Rxh3 23. Rg1 Rh5 24. Rg8+ Ke7 25. c4 a6 26. Bxd7 Kxd7 27. Rd1+ Kc7 28. c5 Rd5 29. Rxd5 exd5 30. Nd4 b6 31. Bf4+ Kb7 32. c6+ Ka7 33. Rg7 b5 34. Bc7 a5 35. Rxf7 Ka6 36. a3 h5 37. Nb3 b4 38. a4 h4 39. Nc5+ Ka7 40. Bd8+ Kb8 41. Bxf6 Ra7 42. Be5+ Ka8 43. Rf8 Rh7 44. Rxc8+ Ka7 45. c7 1-0

[Event "EU-ch rapid"]
[Site "Tallinn"]
[Date "2016.12.16"]
[Round "10"]
[White "Plat, Vojtech"]
[Black "Nestor, Kaarel"]
[Result "1-0"]
[WhiteElo "2532"]
[BlackElo "2114"]
[PlyCount "61"]
[EventDate "2016.12.15"]
[EventType "swiss (rapid)"]
[EventRounds "11"]
[EventCountry "EST"]
[SourceTitle "CBM 176 Extra"]
[Source "ChessBase"]
[SourceDate "2017.03.02"]
[SourceVersion "1"]
[SourceVersionDate "2017.03.02"]
[SourceQuality "1"]

1. d4 Nf6 2. c4 e5 3. dxe5 Ng4 4. Nf3 Bc5 5. e3 Nc6 6. Nc3 0-0 7. Be2 Re8 8. 0-0 a5 9. Qd5 Bf8 10. e4 Ngxe5 11. Nxe5 Rxe5 12. Qd3 Bc5 13. Bf4 Re6 14. Kh1 d6 15. Bg3 Nd4 16. Bd1 Rh6 17. f4 f5 18. Bf2 Ne6 19. exf5 Nxf4 20. Qg3 Nh5 21. Bxh5 Rxh5 22. Bxc5 dxc5 23. f6 g6 24. f7+ Kf8 25. Rad1 Bd7 26. Ne4 Ra6 27. Qc3 Rxh2+ 28. Kxh2 Qh4+ 29. Kg1 Bf5 30. Qh8+ Kxf7 31. Rd7+ 1-0

[Event "EU-ch rapid"]
[Site "Tallinn"]
[Date "2016.12.15"]
[Round "6"]
[White "Nestor, Kaarel"]
[Black "Jankovic, Alojzije"]
[Result "0-1"]
[WhiteElo "2114"]
[BlackElo "2591"]
[PlyCount "46"]
[EventDate "2016.12.15"]
[EventType "swiss (rapid)"]
[EventRounds "11"]
[EventCountry "EST"]
[SourceTitle "CBM 176 Extra"]
[Source "ChessBase"]
[SourceDate "2017.03.02"]
[SourceVersion "1"]
[SourceVersionDate "2017.03.02"]
[SourceQuality "1"]

1. d4 Nf6 2. c4 d6 3. Nc3 e5 4. dxe5 dxe5 5. Qxd8+ Kxd8 6. a3 Be6 7. e3 Nbd7 8. b4 a5 9. b5 Nc5 10. Bb2 Nfd7 11. Rd1 c6 12. Nf3 f6 13. Be2 Kc7 14. 0-0 Nb6 15. Nd2 Nba4 16. Rb1 Bf5 17. Nxa4 Nxa4 18. e4 Be6 19. Ba1 Bxa3 20. Nb3 Nc5 21. Bc3 b6 22. Nd2 Rhd8 23. f4 Na4 0-1

[Event "Keres Memorial op"]
[Site "Tallinn"]
[Date "2014.01.13"]
[Round "5"]
[White "Meijers, Viesturs"]
[Black "Nestor, Kaarel"]
[Result "1-0"]
[WhiteElo "2464"]
[BlackElo "2093"]
[PlyCount "107"]
[EventDate "2014.01.10"]
[EventType "swiss"]
[EventRounds "9"]
[EventCountry "EST"]
[SourceTitle "CBM 158 Extra"]
[Source "ChessBase"]
[SourceDate "2014.02.28"]
[SourceVersion "1"]
[SourceVersionDate "2014.02.28"]
[SourceQuality "1"]

1. Nf3 d5 2. d4 Nf6 3. g3 g6 4. Bg2 Bg7 5. c4 0-0 6. cxd5 Nxd5 7. 0-0 c6 8. h3 Nd7 9. e4 Nc7 10. Nc3 e5 11. Bg5 f6 12. Be3 exd4 13. Nxd4 Qe7 14. Qc2 Re8 15. Rad1 Nf8 16. Rfe1 Nfe6 17. Nb3 Na6 18. f4 Bd7 19. Bf2 Red8 20. a3 b6 21. Nd2 Be8 22. Nf3 Rxd1 23. Rxd1 Nac7 24. Re1 Nf8 25. e5 fxe5 26. Nxe5 Nce6 27. Nxc6 Bxc6 28. Bxc6 Rd8 29. Bd5 Bxc3 30. Bxe6+ Nxe6 31. Qxc3 Qf7 32. Qe5 Ng7 33. Bd4 Rd7 34. Bc3 h5 35. g4 Rd5 36. Qe4 a6 37. Kg2 b5 38. Kg3 Kh7 39. Qe7 Rd3+ 40. Kh4 Rd7 41. Qxf7 Rxf7 42. Kg5 Rd7 43. Bxg7 Kxg7 44. Re6 Rd5+ 45. f5 gxf5 46. gxf5 a5 47. Re7+ Kf8 48. Rb7 h4 49. Kg6 Rd3 50. Rb8+ Ke7 51. f6+ Ke6 52. Re8+ Kd7 53. f7 Rg3+ 54. Kh5 1-0

[Event "British Universities-ch"]
[Site "High Wycombe"]
[Date "2012.02.25"]
[Round "4"]
[White "Sreeves, Clement"]
[Black "Nestor, Kaarel"]
[Result "1/2-1/2"]
[WhiteElo "2233"]
[BlackElo "2093"]
[PlyCount "54"]
[EventDate "2012.02.25"]
[EventType "team-swiss"]
[EventRounds "5"]
[EventCountry "ENG"]
[SourceTitle "CBM 147 Extra"]
[Source "ChessBase"]
[SourceDate "2012.04.24"]
[SourceVersion "1"]
[SourceVersionDate "2012.04.24"]
[SourceQuality "1"]
[WhiteTeam "Edinburgh"]
[BlackTeam "Warwicks Select"]
[WhiteTeamCountry "ENG"]
[BlackTeamCountry "ENG"]

1. e4 e6 2. d4 d5 3. Nc3 dxe4 4. Nxe4 Nd7 5. Nf3 Ngf6 6. Nxf6+ Nxf6 7. Bd3 c5 8. dxc5 Bxc5 9. 0-0 Qc7 10. Qe2 Bd7 11. Ne5 Bd6 12. Bf4 Bc6 13. Bg3 0-0-0 14. c4 h5 15. c5 Bxe5 16. Bxe5 Qa5 17. Bd6 Ne8 18. Bf4 Rd5 19. Rac1 Nf6 20. Bc4 Rf5 21. Be5 Nd7 22. Bd6 Rg5 23. f3 Nxc5 24. Qe3 Nd7 25. b4 Qb6 26. Qxb6 Nxb6 27. Be7 Rf5 1/2-1/2

[Event "Wch U18"]
[Site "Vung Tau"]
[Date "2008.10.22"]
[Round "3"]
[White "Nestor, Kaarel"]
[Black "Biryukov, Mikhail"]
[Result "0-1"]
[WhiteElo "2087"]
[BlackElo "2279"]
[PlyCount "128"]
[EventDate "2008.10.20"]
[EventType "swiss"]
[EventRounds "11"]
[EventCountry "VIE"]
[SourceTitle "EXT 2009"]
[Source "ChessBase"]
[SourceDate "2008.11.26"]
[SourceVersion "1"]
[SourceVersionDate "2008.11.26"]
[SourceQuality "1"]

1. d4 Nf6 2. Nf3 g6 3. c4 Bg7 4. Nc3 d5 5. cxd5 Nxd5 6. e4 Nxc3 7. bxc3 c5 8. Bb5+ Bd7 9. Bxd7+ Qxd7 10. 0-0 0-0 11. Bb2 Nc6 12. Qa4 cxd4 13. cxd4 Rfd8 14. Rad1 Ne5 15. Qxd7 Nxf3+ 16. gxf3 Rxd7 17. Rd2 e6 18. Kg2 Rc8 19. Rfd1 Bh6 20. Re2 Rcd8 21. Rc2 Bg7 22. Rc4 b5 23. Rc5 Bxd4 24. Rxb5 Bxb2 25. Rxd7 Rxd7 26. Rxb2 Rd4 27. Kg3 Ra4 28. h4 Ra3 29. e5 Kg7 30. Kg4 f5+ 31. exf6+ Kxf6 32. Rc2 h5+ 33. Kg3 e5 34. Re2 Kf5 35. Kg2 Ra4 36. Kg3 a6 37. Rc2 g5 38. hxg5 Kxg5 39. Re2 Kf5 40. Rc2 a5 41. Rd2 Rd4 42. Rc2 Ra4 43. Rd2 Ra3 44. Re2 h4+ 45. Kg2 Ra4 46. Rc2 Kf4 47. Rd2 h3+ 48. Kxh3 Kxf3 49. Rc2 Re4 50. a3 Re1 51. Kh2 Rf1 52. Rc5 Rxf2+ 53. Kh3 e4 54. Rf5+ Ke2 55. Rxa5 e3 56. Re5 Kd2 57. Kg3 Rf7 58. Rd5+ Ke1 59. a4 e2 60. Kg2 Rg7+ 61. Kh2 Rg4 62. a5 Kf2 63. Rf5+ Ke3 64. Re5+ Re4 0-1

[Event "Wch U18"]
[Site "Vung Tau"]
[Date "2008.10.20"]
[Round "1"]
[White "Nestor, Kaarel"]
[Black "Guilleux, Fabien"]
[Result "1/2-1/2"]
[WhiteElo "2087"]
[BlackElo "2396"]
[PlyCount "49"]
[EventDate "2008.10.20"]
[EventType "swiss"]
[EventRounds "11"]
[EventCountry "VIE"]
[SourceTitle "EXT 2009"]
[Source "ChessBase"]
[SourceDate "2008.11.26"]
[SourceVersion "1"]
[SourceVersionDate "2008.11.26"]
[SourceQuality "1"]

1. d4 Nf6 2. Nf3 g6 3. c4 Bg7 4. Nc3 0-0 5. e4 d6 6. Be2 e5 7. 0-0 Nc6 8. dxe5 dxe5 9. Qxd8 Nxd8 10. Be3 Ne6 11. Rad1 Nf4 12. Rfe1 b6 13. Nxe5 Nxe2+ 14. Rxe2 Nxe4 15. Nxe4 Bxe5 16. Bh6 Bg7 17. Bxg7 Kxg7 18. Red2 h6 19. b3 Be6 20. f3 Rfe8 21. Kf2 a6 22. Nc3 Re7 23. Nd5 Bxd5 24. Rxd5 Rae8 25. R5d2 1/2-1/2

[Event "Helsinki We HSK 8th"]
[Site "Helsinki"]
[Date "2008.??.??"]
[Round "5"]
[White "Aijala, Jouko"]
[Black "Nestor, Kaarel"]
[Result "0-1"]
[WhiteElo "2146"]
[BlackElo "2063"]
[PlyCount "84"]
[EventDate "2008.??.??"]
[EventType "swiss"]
[EventRounds "5"]
[EventCountry "FIN"]
[SourceTitle "EXT 2022"]
[Source "ChessBase"]
[SourceDate "2021.10.06"]
[SourceVersion "1"]
[SourceVersionDate "2021.10.06"]
[SourceQuality "1"]

1. c4 Nf6 2. Nc3 e6 3. d4 d5 4. Nf3 Bb4 5. g3 0-0 6. Bg2 dxc4 7. 0-0 c5 8. dxc5 Bxc5 9. Nd2 Nd5 10. Nxc4 Nxc3 11. bxc3 Nc6 12. Qa4 Qe7 13. Rb1 Nd8 14. Rd1 f6 15. Nb6 Bxb6 16. Rxb6 Qc7 17. Rb3 Nf7 18. Ba3 Rd8 19. Rxd8+ Qxd8 20. Rb1 Bd7 21. Qb3 Rb8 22. Rd1 Qe8 23. Rd4 Bc6 24. f3 Rd8 25. Rxd8 Nxd8 26. Qb4 h6 27. Kf2 Nf7 28. Qd4 a6 29. e4 e5 30. Qd2 Qe6 31. Bf1 Kh7 32. Bc5 h5 33. Qb2 Qd7 34. Be3 Nd6 35. Qd2 Qe6 36. a3 Bxe4 37. Bc5 Nc4 38. Qe2 Bd5 39. f4 g6 40. fxe5 Nxe5 41. Bd4 Qf5+ 42. Ke1 Nf3+ 0-1

[Event "Helsinki We HSK 8th"]
[Site "Helsinki"]
[Date "2008.??.??"]
[Round "3"]
[White "Auvinen, Esa"]
[Black "Nestor, Kaarel"]
[Result "1/2-1/2"]
[WhiteElo "1987"]
[BlackElo "2063"]
[PlyCount "98"]
[EventDate "2008.??.??"]
[EventType "swiss"]
[EventRounds "5"]
[EventCountry "FIN"]
[SourceTitle "EXT 2022"]
[Source "ChessBase"]
[SourceDate "2021.10.06"]
[SourceVersion "1"]
[SourceVersionDate "2021.10.06"]
[SourceQuality "1"]

1. e4 e6 2. d4 d5 3. Nc3 dxe4 4. Nxe4 Nd7 5. Nf3 Ngf6 6. Nxf6+ Nxf6 7. Be2 c5 8. 0-0 Qc7 9. Bg5 Be7 10. Bb5+ Bd7 11. Bxd7+ Qxd7 12. dxc5 Qxd1 13. Raxd1 Bxc5 14. Bxf6 gxf6 15. Rd3 Ke7 16. Rfd1 Rhd8 17. Nd4 Rac8 18. c3 a6 19. Kf1 Bb6 20. Ke2 Rc5 21. Nf3 Rxd3 22. Rxd3 h6 23. Rd4 Rb5 24. Rb4 Rxb4 25. cxb4 Kd6 26. Nd2 Kd5 27. f3 f5 28. Kd3 e5 29. h3 Bf2 30. g4 fxg4 31. hxg4 Be1 32. Nc4 Bxb4 33. Ne3+ Ke6 34. Ke4 Bd2 35. Nf5 Bc1 36. b3 Bf4 37. Ng7+ Kd6 38. Nf5+ Kc5 39. a3 a5 40. Ne7 b5 41. Nd5 Bg3 42. Nf6 a4 43. bxa4 bxa4 44. Kd3 Bf4 45. Ne4+ Kb5 46. Nd6+ Kc5 47. Nxf7 Kd5 48. Kc3 e4 49. fxe4+ Kxe4 1/2-1/2

[Event "Helsinki We HSK 8th"]
[Site "Helsinki"]
[Date "2008.??.??"]
[Round "4"]
[White "Nestor, Kaarel"]
[Black "Lehtosaari, Kalevi"]
[Result "1-0"]
[WhiteElo "2063"]
[BlackElo "2035"]
[PlyCount "67"]
[EventDate "2008.??.??"]
[EventType "swiss"]
[EventRounds "5"]
[EventCountry "FIN"]
[SourceTitle "EXT 2022"]
[Source "ChessBase"]
[SourceDate "2021.10.06"]
[SourceVersion "1"]
[SourceVersionDate "2021.10.06"]
[SourceQuality "1"]

1. d4 d5 2. Nf3 g6 3. c4 c6 4. e3 Bg7 5. Nc3 Nf6 6. Be2 0-0 7. 0-0 Nbd7 8. Bd2 Re8 9. cxd5 cxd5 10. Qb3 Nb6 11. Rac1 Bd7 12. Ne5 Bc6 13. Nxc6 bxc6 14. Na4 Qd7 15. Nc5 Qc7 16. Qc2 e5 17. Na6 Qd8 18. dxe5 Rxe5 19. Qxc6 d4 20. Bf3 Rc8 21. Qb7 Re7 22. Rxc8 Nxc8 23. Qb3 Ne4 24. Bb4 Re8 25. Nc5 Ncd6 26. Nxe4 Nxe4 27. Bxe4 Rxe4 28. Bc5 Be5 29. Qb7 Rh4 30. g3 Rh5 31. Be7 Qb8 32. Qxb8+ Bxb8 33. exd4 Rd5 34. Bc5 1-0

[Event "Jarvenpaa We JarvSK"]
[Site "Jarvenpaa"]
[Date "2008.??.??"]
[Round "2"]
[White "Valner, Uku"]
[Black "Nestor, Kaarel"]
[Result "1-0"]
[WhiteElo "2089"]
[BlackElo "2063"]
[PlyCount "93"]
[EventDate "2008.??.??"]
[EventType "swiss"]
[EventRounds "5"]
[EventCountry "FIN"]
[SourceTitle "EXT 2022"]
[Source "ChessBase"]
[SourceDate "2021.10.06"]
[SourceVersion "1"]
[SourceVersionDate "2021.10.06"]
[SourceQuality "1"]

1. e4 e6 2. d4 d5 3. e5 c5 4. c3 Nc6 5. Be3 cxd4 6. cxd4 Qb6 7. Qd2 Nge7 8. Nc3 Nf5 9. Bd3 Nxe3 10. fxe3 Be7 11. Nf3 f5 12. exf6 Bxf6 13. 0-0 0-0 14. Rac1 Bd7 15. Na4 Qd8 16. Nc5 Bc8 17. Qc2 h6 18. a3 Ne7 19. Qb3 b6 20. Na6 Bxa6 21. Bxa6 Qd6 22. Rc2 e5 23. dxe5 Bxe5 24. e4 Rad8 25. exd5 Kh8 26. Rd1 Bf4 27. Bb5 Rf5 28. Bc6 Rdf8 29. Qa4 Rh5 30. Qb4 Bxh2+ 31. Kf1 Qxb4 32. axb4 Bd6 33. Ke2 Nf5 34. Rc4 Ng3+ 35. Kd3 Rhf5 36. Re1 Nh5 37. Nd4 Nf4+ 38. Kd2 Rg5 39. Nb5 Rxg2+ 40. Kc3 Rg6 41. Ree4 Rg3+ 42. Kc2 Bb8 43. d6 Rg2+ 44. Kb3 a6 45. Rxf4 Rg3+ 46. Ka2 Bxd6 47. Nxd6 1-0

[Event "Helsinki We HSK 08 op"]
[Site "Helsinki"]
[Date "2007.08.??"]
[Round "5"]
[White "Malmi, Eric"]
[Black "Nestor, Kaarel"]
[Result "1-0"]
[WhiteElo "2023"]
[BlackElo "2095"]
[PlyCount "43"]
[EventDate "2007.08.??"]
[EventType "swiss"]
[EventRounds "5"]
[EventCountry "FIN"]
[SourceTitle "EXT 2022"]
[Source "ChessBase"]
[SourceDate "2021.10.06"]
[SourceVersion "1"]
[SourceVersionDate "2021.10.06"]
[SourceQuality "1"]

1. e4 e6 2. d4 d5 3. e5 c5 4. c3 Nc6 5. Nf3 Qb6 6. a3 c4 7. g3 Bd7 8. Bg2 Na5 9. Nbd2 Ne7 10. 0-0 Rc8 11. h4 h6 12. h5 Nec6 13. Nh2 Nb3 14. Nxb3 cxb3 15. Ng4 Na5 16. Ne3 Bb5 17. Re1 Be7 18. f4 Qa6 19. Qg4 0-0 20. Bxd5 exd5 21. Nf5 Bf6 22. exf6 1-0

[Event "Helsinki We HSK 08 op"]
[Site "Helsinki"]
[Date "2007.08.??"]
[Round "2"]
[White "Niemi, Mikko"]
[Black "Nestor, Kaarel"]
[Result "1/2-1/2"]
[WhiteElo "2149"]
[BlackElo "2095"]
[PlyCount "99"]
[EventDate "2007.08.??"]
[EventType "swiss"]
[EventRounds "5"]
[EventCountry "FIN"]
[SourceTitle "EXT 2022"]
[Source "ChessBase"]
[SourceDate "2021.10.06"]
[SourceVersion "1"]
[SourceVersionDate "2021.10.06"]
[SourceQuality "1"]

1. c4 Nf6 2. g3 e5 3. Bg2 g6 4. Nc3 Bg7 5. Nf3 d6 6. d4 exd4 7. Nxd4 0-0 8. 0-0 Nbd7 9. b3 c6 10. Bb2 Qc7 11. Qd2 Nc5 12. Rad1 Rd8 13. Qf4 Ne8 14. Qc1 Ne6 15. Ne4 Nxd4 16. Bxd4 Bxd4 17. Rxd4 f5 18. Ng5 h6 19. Nh3 Qg7 20. Rfd1 Be6 21. Nf4 Bf7 22. h4 Rd7 23. e4 fxe4 24. Rxe4 Rc7 25. Qe3 Qf6 26. Bh3 Ng7 27. Qd4 Qxd4 28. Rexd4 g5 29. hxg5 hxg5 30. Ng2 d5 31. cxd5 Bxd5 32. Ne3 Be6 33. Bxe6+ Nxe6 34. Rd7 Rac8 35. Kg2 Rxd7 36. Rxd7 Rc7 37. Rxc7 Nxc7 38. Kf3 Kf7 39. Nc4 Nb5 40. Kg4 Kf6 41. f4 gxf4 42. Kxf4 Nc3 43. Na5 Nxa2 44. Nxb7 Nc1 45. Nc5 Ne2+ 46. Kf3 Nd4+ 47. Ke3 Ke5 48. Kd3 Kd5 49. b4 Nf3 50. Nd7 1/2-1/2

[Event "Jarvenpaa We JarvSK"]
[Site "Jarvenpaa"]
[Date "2007.??.??"]
[Round "1"]
[White "Nestor, Kaarel"]
[Black "Kopsa, Petri"]
[Result "0-1"]
[WhiteElo "2083"]
[BlackElo "2083"]
[PlyCount "60"]
[EventDate "2007.??.??"]
[EventType "swiss"]
[EventRounds "5"]
[EventCountry "FIN"]
[SourceTitle "EXT 2022"]
[Source "ChessBase"]
[SourceDate "2021.10.06"]
[SourceVersion "1"]
[SourceVersionDate "2021.10.06"]
[SourceQuality "1"]

1. d4 Nf6 2. Nf3 g6 3. c4 Bg7 4. Nc3 0-0 5. e4 d6 6. Be2 e5 7. 0-0 Nc6 8. dxe5 Nxe5 9. Nd4 Re8 10. f3 c6 11. Be3 d5 12. cxd5 cxd5 13. Bg5 dxe4 14. fxe4 Be6 15. Bb5 Rf8 16. Nxe6 fxe6 17. Qxd8 Raxd8 18. Rad1 Rxd1 19. Rxd1 a6 20. Be2 Rc8 21. Rd6 Nf7 22. Bxf6 Nxd6 23. Bxg7 Kxg7 24. Kf2 Nc4 25. Bxc4 Rxc4 26. Ke3 Kf6 27. Kd3 Rb4 28. b3 Ke5 29. g3 Rd4+ 30. Ke3 b5 0-1

[Event "Jarvenpaa We JarvSK"]
[Site "Jarvenpaa"]
[Date "2007.??.??"]
[Round "3"]
[White "Nestor, Kaarel"]
[Black "Kukk, Sander"]
[Result "1/2-1/2"]
[WhiteElo "2083"]
[BlackElo "2053"]
[PlyCount "32"]
[EventDate "2007.??.??"]
[EventType "swiss"]
[EventRounds "5"]
[EventCountry "FIN"]
[SourceTitle "EXT 2022"]
[Source "ChessBase"]
[SourceDate "2021.10.06"]
[SourceVersion "1"]
[SourceVersionDate "2021.10.06"]
[SourceQuality "1"]

1. d4 g6 2. Nf3 Bg7 3. c4 Nf6 4. Nc3 0-0 5. e4 d6 6. Be2 Bg4 7. 0-0 Nc6 8. d5 Bxf3 9. Bxf3 Ne5 10. Be2 e6 11. f4 Ned7 12. Qc2 e5 13. f5 h6 14. fxg6 fxg6 15. Be3 Qe7 16. Rf2 a6 1/2-1/2